| 000 | 01072nam a22002657a 4500 | ||
|---|---|---|---|
| 999 |
_c6785 _d6785 |
||
| 003 | AR-CdUCM | ||
| 008 | 190319b ||||| |||| 00| 0 spa d | ||
| 020 | _a84-2050553-6 | ||
| 040 |
_aMUNICIPALIDAD PROVINCIAL DEL CUSCO _cBIBLIOTECA MUNICIPAL DEL CUSCO |
||
| 041 | _heng | ||
| 082 |
_a670 / _bG11 |
||
| 100 |
_aGabe, D. R. _919100 |
||
| 245 | _aFundamentos del tratamiento y protección de superficies metálicas / | ||
| 260 |
_aMadrid : _bAlhambra, _c1975. |
||
| 300 |
_a205 paginas ; _bDiagramas, cuadros, formulas, _c20 cm. |
||
| 440 |
_aColección Exedra ciencia técnica - ingeniería _n103 _919101 |
||
| 500 | _aTitulo original :Principles of metal surface treatment and protection | ||
| 505 | _aFinalidad de la protección -- Electrodeposición -- Recubrimientos por inmersión en caliente -- Recubrimientos por difusión -- Recubrimientos no metálicos... | ||
| 650 |
_aMetalurgia _919102 |
||
| 650 |
_aAleaciones _919103 |
||
| 650 |
_aRecubrimientos _919104 |
||
| 700 |
_aJ. Climent, Beltrán (Traductor) _919105 |
||
| 942 |
_2ddc _cLIBROS |
||
| 945 | _awnts | ||